| 000 | 00786cam a22002531 4500 | ||
|---|---|---|---|
| 001 | 6544742 | ||
| 003 | ARRUPE | ||
| 005 | 20131007142307.0 | ||
| 008 | 750918s1957 enk 000 0 eng c | ||
| 010 | _aa 59003385 | ||
| 035 | _a(OCoLC)1635016 | ||
| 040 |
_aOhio State Univ. Libr. _cFM _dOCoLC _dDLC |
||
| 042 | _apremarc | ||
| 050 | 0 | 0 |
_aPR1184 _b.B43 |
| 100 | 1 |
_aBetjeman, John, _d1906-1984, _ecomp. _92142 |
|
| 245 | 1 | 0 |
_aEnglish love poems, _cchosen by John Betjeman and Geoffrey Taylor. |
| 260 |
_aLondon, _bFaber and Faber _c[1957] |
||
| 300 |
_a220 p. _c21 cm. |
||
| 650 | 0 |
_aLove poetry. _92143 |
|
| 650 | 0 |
_aEnglish poetry. _92144 |
|
| 700 | 1 |
_aTaylor, Geoffrey, _d1900- _ejoint comp. _92145 |
|
| 906 |
_a7 _bcbc _coclcrpl _du _encip _f19 _gy-gencatlg |
||
| 942 |
_2lcc _cMONOGRAPH |
||
| 999 |
_c118255 _d118255 |
||